| 000 | 01080nmc a2200373 a 4500 | ||
|---|---|---|---|
| 003 | AR-BaBNM | ||
| 005 | 20251128210223.0 | ||
| 008 | 011101s1998 ||||||||||||||000 | spa|| | ||
| 020 | _a84-8063-334-4 | ||
| 040 | _cAR-BaBNM | ||
| 100 | 1 | _aSalgueiro Caldeira, Ana María | |
| 245 | 1 | 0 | _aSaber docente y práctica cotidiana |
| 250 | _a1ª ed. | ||
| 260 |
_aBarcelona _bEdiciones Octaedro _c1998 |
||
| 300 | 0 |
_a276 p. _btablas |
|
| 490 | 0 |
_aRepensar la educación _vv. 3 |
|
| 500 | 0 | _aContiene referencias bibliográficas p. 273-277 | |
| 650 | 4 | _aDOCENTES | |
| 650 | 4 | _aCONOCIMIENTO | |
| 650 | 4 | _aPRAXIS EDUCATIVA | |
| 650 | 4 | _aROL DEL DOCENTE | |
| 650 | 4 | _aPERFIL PROFESIONAL DEL DOCENTE | |
| 650 | 4 | _aESTUDIOS DE CASOS | |
| 650 | 4 | _aHISTORIA DE LA EDUCACION | |
| 650 | 4 | _aPAPEL DE LA ESCUELA | |
| 650 | 4 | _aRELACION ALUMNO-DOCENTE | |
| 651 | 4 | _aEspaña | |
| 653 | 0 | _aCAPACITACION DOCENTE | |
| 700 | 1 |
_aCarbonell i Sebarroja, Jaume _eprologuista |
|
| 800 | 1 | _aHernández, Fernando | |
| 800 | 1 | _aSancho, Juana María | |
| 942 | _cBK | ||
| 998 | _cRaquel | ||
| 999 |
_c14562 _d14562 |
||